[Event "Poikovsky Karpov 07th"]
[Site "Poikovsky"]
[Date "2006.03.24"]
[Round "6"]
[White "Ponomariov, Ruslan"]
[Black "Rublevsky, Sergei"]
[Result "1-0"]
[WhiteElo "2723"]
[BlackElo "2665"]
[Annotator "Ftacnik,L"]
[PlyCount "99"]
[EventDate "2006.03.18"]
[EventType "tourn"]
[EventRounds "9"]
[EventCountry "RUS"]
[EventCategory "18"]
[SourceTitle "CBM 112"]
[Source "ChessBase"]
[SourceDate "2006.06.07"]
[SourceVersion "1"]
[SourceVersionDate "2006.06.07"]
[SourceQuality "1"]

1. e4 c5 2. Nf3 e6 3. d4 cxd4 4. Nxd4 Nc6 5. Nc3 a6 6. Nxc6 bxc6 7. Bd3 d5 8.
O-O Nf6 9. Re1 Be7 10. e5 Nd7 11. Qg4 g6 12. Na4 Qa5 13. Bh6 Qb4 {The active
theoretical discussion is taking place in this position. Black is unable to
castle and thus tries to transfer into the queenless middlegame.} (13... Rb8
14. b3 Rb4 15. Qe2 Rxa4 16. bxa4 Bb4 17. Red1 Bc3 18. Bd2 Bxd2 19. Rxd2 {
1-0 Benjamin,J (2560)-Piasetski,L (2390)/Thessaloniki 1988 (74)}) 14. Qxb4 Bxb4
15. c3 Ba5 (15... Bf8 16. Bxf8 Rxf8 17. c4 Ke7 18. cxd5 cxd5 19. Rac1 Ra7 20.
b4 Bb7 21. f4 Rc8 22. Rxc8 Bxc8 23. Rc1 Kd8 24. Kf2 {1-0 Carlsen,M (2625)
-Vescovi,G (2633)/Wijk aan Zee 2006 (39)}) 16. b4 Bc7 17. f4 a5 18. b5 Nb6 19.
Nxb6 (19. Nc5 Nd7 {1/2 Hazai,L (2450)-Romanishin,O (2585)/Sochi 1982}) 19...
Bxb6+ 20. Kf1 cxb5 $6 {[%mdl 4] The experience of the defenders in this system
are not encouraging, one of the reasons is this illogical opening of the play.}
(20... c5 21. c4 Bb7 22. Rad1 a4 23. a3 Rd8 24. Bg5 Rd7 25. Kf2 $14) 21. Bxb5+
Bd7 22. Rab1 Bxb5+ (22... Rb8 23. c4 Ba7 24. Ba6 Bc6 25. cxd5 exd5 26. f5 Rxb1
27. Rxb1 Kd7 28. Rc1 gxf5 29. Bd3 {1-0 Bacrot,E (2725)-Rublevsky,S (2652)/
Khanty Mansiysk 2005 (40)}) 23. Rxb5 Bc7 (23... Bd8 24. c4 dxc4 25. Rc5 $16)
24. c4 $1 {White is very naturally rushing the opening of the files, since the
defender is struggling with the lack of space and communication between pieces.
} dxc4 (24... d4 25. Ke2 Kd7 26. Kd3 Kc6 27. Reb1 Rhd8 28. a4 $16) 25. Rc5
O-O-O (25... Bd8 26. Rb1 Be7 27. Rxc4 Bf8 28. Bg5 Bg7 29. Rbc1 O-O 30. Be7 Rfe8
31. Rc7 $16) 26. Rxc4 Rd7 (26... Kb7 27. Rb1+ Bb6 28. Bg5 Rd7) 27. Bg5 Kb7 28.
Rb1+ Bb6 29. f5 $5 {Very tempting advance of the pawn, since white opens
access to the e3 square for his bishop. Despite that objectively the best
choice was gradual mounting of the pressure with all pieces.} (29. Ke2 $1 Rb8
30. a4 Ka7 31. Bh4 $16) 29... Ka7 $2 (29... Rc7 $1 30. Rd4 Rb8 31. Rd6 Rc6 32.
Be3 Kc7 33. fxe6 fxe6 34. Ke2 Ba7 $14) (29... gxf5 $2 30. Be3 $18) 30. Rc6 $1
Bd4 (30... Rb7 $2 31. Rbxb6 Rxb6 32. Be3 Rhb8 33. fxe6 fxe6 34. Rxe6 $18) 31.
fxe6 fxe6 32. Bf6 (32. Rxe6 Rf8+ 33. Rf6 Re8 $16) 32... Re8 33. Rb5 Rd5 (33...
h6 34. Rxa5+ Kb7 35. Rc4 $18) 34. Rxe6 $1 {Rublevsky was not able to find the
best defense and the his resources are now unable to avert huge problems.} Rxb5
(34... Rxe6 35. Rxd5 Bc3 36. Ke2 $18) 35. Rxe8 Rb2 (35... a4 36. Ke2 Ba1 37.
Kf3 $16) 36. Bh4 $1 g5 (36... Rxa2 37. e6 Ra1+ 38. Ke2 Ra2+ 39. Kf3 Ra3+ 40.
Ke4 Bg1 41. e7 $18) 37. Bg3 Rxa2 38. e6 {Despite material equality the fates
of the opponents are very different. Preventing the advance of the white e
pawn is possible only at the cost of huge sacrifices.} Ra1+ 39. Ke2 Ra3 40. Rd8
(40. e7 Re3+ 41. Kd1 Re6 42. Rd8 Rxe7 43. Rxd4 $18) 40... Bc5 41. Rd5 Ra2+ (
41... Kb6 42. Rxc5 $1 Kxc5 43. e7 $18) 42. Kd3 Bb4 43. e7 Bxe7 (43... Rd2+ 44.
Ke3 $18) 44. Rd7+ Kb6 45. Rxe7 Rxg2 46. Rxh7 a4 47. Re7 a3 48. Re2 $1 {
Ponomariov has handled the advance of the black´s pawn with remarkable
confidence.} Rxe2 (48... a2 49. Be5 $18) 49. Kxe2 Kc5 50. Kd3 1-0

[Event "Nalchik FIDE GP"]
[Site "Nalchik"]
[Date "2009.04.24"]
[Round "9"]
[White "Bacrot, Etienne"]
[Black "Mamedyarov, Shakhriyar"]
[Result "1-0"]
[WhiteElo "2728"]
[BlackElo "2725"]
[Annotator "Ftacnik,L"]
[PlyCount "61"]
[EventDate "2009.04.15"]
[EventType "tourn"]
[EventRounds "13"]
[EventCountry "RUS"]
[EventCategory "19"]
[SourceTitle "CBM 130"]
[Source "ChessBase"]
[SourceDate "2009.05.20"]
[SourceVersion "1"]
[SourceVersionDate "2009.05.20"]
[SourceQuality "1"]

1. e4 c5 2. Nf3 e6 3. d4 cxd4 4. Nxd4 Nc6 5. Nc3 a6 6. Nxc6 bxc6 7. Bd3 d5 8.
O-O Nf6 9. Re1 Be7 10. e5 Nd7 11. Qg4 g6 12. Na4 {The last few years have seen
the birth of a vibrant theoretical discussion in this line. Black has to brace
himself for the fight against the active white pieces, but for the moment his
position is as solid as a rock.} c5 13. c4 (13. b3 c4 14. Bf1 cxb3 15. axb3 O-O
16. Bh6 Re8 17. Bd3 Qc7 18. Qg3 a5 19. h4 Ba6 20. c4 dxc4 21. bxc4 $11 {
0-1 Forsberg,V (2210)-Glimbrant,T (2254)/Stockholm 2008 (38)}) 13... Qa5 {
In current praxis White has not been especially successful in the attempts to
disturb the integrity of the black ranks. In most of the games Black was
helped by the timely advance ...d5-d4.} (13... O-O 14. Bh6 Re8 15. Rad1 Rb8 16.
b3 d4 17. f4 Qc7 18. h4 f5 19. Qh3 Bf8 20. Bxf8 Nxf8 21. g4 Bd7 22. Nb2 Re7 23.
Kh2 Rg7 $15 {1-0 Sax,G (2550)-Franzoni,G/Thessaloniki 1984 (57)}) (13... h5 14.
Qe2 dxc4 15. Bxc4 Nb6 16. Rd1 Qc7 17. Nxb6 Qxb6 18. h4 Rb8 19. Bg5 Bxg5 20.
hxg5 O-O 21. Rd2 $14 {1/2-1/2 Zhao,Z (2452)-Berend,F (2368)/Turin 2006 (33)}) (
13... d4 14. b3 Bb7 15. Bf4 a5 16. Be4 Bxe4 17. Rxe4 Nb6 18. Nb2 a4 19. Ree1
Qc7 20. Nd3 O-O $15 {1/2-1/2 Mkrtchian,L (2402)-Vasilevich,I (2383)/Vladimir
2007 (28)}) 14. Qd1 dxc4 $2 {Mamedyarov chooses a strategically very risky
line.} (14... d4 15. Be4 Rb8 16. Bh6 Bf8 $11) 15. Be4 (15. Bxc4 O-O 16. Bd2 Qc7
17. Bc3 $14) 15... Rb8 (15... Ra7 16. Bd2 Qb5 17. Bh6 $16) 16. Bh6 Rb4 $6 {
Yet another step in the direction of the elegant demise. The defence could
still come to its senses and start opposing the very dangerous bishop on e4.} (
16... Nxe5 $2 17. Bg7 Bd7 18. Bxe5 Bxa4 19. b3 Rd8 20. Qc2 $18) (16... Bb7 $1
17. Bxb7 Rxb7 18. Re2 Bf8 19. Bg5 h6 20. Bd2 Qb5 21. Qc2 $14) 17. Nc3 (17. Bc2
$5 Qc7 (17... c3 18. Nxc3 Rxb2 19. Ne4 Rxa2 20. Rxa2 Qxa2 21. Re2 Qd5 22. Rd2
Qxe5 23. Ba4 Qc7 24. Qa1 Rg8 25. Nf6+ Bxf6 26. Qxf6 $16) 18. a3 Rb5 19. Qe2 $16
) 17... Rxb2 (17... Bb7 18. Qd2 $16) 18. Qc1 Rb8 (18... Rb6 19. Bd2 $1 Rb4 20.
a3 Rb3 21. Nd5 c3 22. Nxc3 $16) 19. Bc6 {[%mdl 32] The concept of the first
player deserves recognition and praise. Bacrot has understood that the most
important in the given position is the tragic location of the black king. The
defence will have a very hard time resisting the mobilisation of White's
reserves for the attack.} Bb7 (19... Rb6 20. Ba4 Rb4 (20... f5 21. exf6 Bxf6
22. Bxd7+ Bxd7 23. Nd5 Bxa1 24. Qxa1 Rb2 (24... c3 25. Bg7 Rg8 26. Bxc3 $18)
25. Nf6+ Ke7 26. Nxd7 $16) 21. Qc2 Bf8 22. Bd2 $16) 20. Ba4 $1 Kd8 {The king
retreat to d8-square in this position full of pieces gives impression of a cry
full of despair. The attacker will have little problems to prove that the
opponent has not managed to meet the defensive tasks.} (20... Qc7 21. Bg7 Rg8
22. Qh6 Bf8 23. Bxf8 Rxf8 24. Rad1 Bc6 25. Bxc6 Qxc6 26. Qxh7 $16) 21. Rd1 Bd5
(21... Bc8 22. Qd2 Rb7 23. Rac1 $18) 22. Qc2 Rb4 (22... Rb7 23. Nxd5 exd5 24.
Rxd5 $18) 23. Bd2 $1 {The fine move has a lot to do with a fact, that the
bishop has fullfilled his mission on the square h6 and prevented the king from
castling.} (23. Bxd7 Kxd7 24. Qe4 Rd8 25. Nxd5 exd5 26. Qxd5+ Kc8 27. Qxf7 $18)
23... Ba8 (23... Bb7 24. Bxd7 Kxd7 25. a3 Rb3 26. Nd5 c3 27. Bxc3 Bxd5 28. Qxb3
c4 29. Qxc4 $18) 24. Be1 Rxa4 25. Nxa4 Qb5 {Mamedyarov has no desire to
retreat with a queen all the way home, but the transfer via b-file will only
speed up the invitable defeat.} (25... Qc7 26. Nb2 Bd5 27. Nxc4 Ke8 28. Ne3 Bc6
29. Bc3 $16) 26. Rab1 Qc6 27. f3 Ke8 28. Rxd7 $1 {The final combination is
very impressive. White has managed to have all his join in the hunt for the
black king.} Kxd7 (28... Qxd7 29. Rb8+ Bd8 30. Rxa8 Qd4+ 31. Kf1 $18) 29. Qd1+
$1 Kc8 30. Nb6+ Kb7 31. Nd5+ {Black resigned, as resistance is simply
impossible.} 1-0

[Event "Bundesliga 0405"]
[Site "Germany"]
[Date "2004.12.12"]
[Round "6.4"]
[White "Hansen, Sune Berg"]
[Black "Machelett, Heiko"]
[Result "1-0"]
[WhiteElo "2551"]
[BlackElo "2401"]
[Annotator "Ftacnik,L"]
[PlyCount "45"]
[EventDate "2004.11.12"]
[EventType "team-tourn"]
[EventRounds "15"]
[EventCountry "GER"]
[SourceTitle "CBM 106"]
[Source "ChessBase"]
[SourceDate "2005.06.06"]
[SourceVersion "1"]
[SourceVersionDate "2005.06.06"]
[SourceQuality "1"]
[WhiteTeam "Hamburger SK"]
[BlackTeam "Erfurt"]
[WhiteTeamCountry "GER"]
[BlackTeamCountry "GER"]

1. e4 c5 2. Nf3 e6 3. d4 cxd4 4. Nxd4 a6 5. Nc3 Nc6 6. Be3 Nge7 7. Nb3 Ng6 8.
g3 Be7 9. Na4 $5 (9. h4 b5 10. f4 d6 11. h5 Nf8 12. Bg2 Bb7 13. Qd2 Nd7 14.
O-O-O Na5 15. Nxa5 Qxa5 16. Kb1 Rc8 17. Rh2 b4 18. Ne2 Nf6 19. Qd3 e5 {1/2-1/2
Stelting,T-Van Mil,J/Copenhagen 1985/ (45)}) (9. f4 d6 10. a4 O-O 11. a5 Qd7
12. Na4 Bd8 13. Qd2 Rb8 14. Nb6 Bxb6 15. Bxb6 Nce7 16. O-O-O d5 17. Nc5 Qc6 18.
Bg2 dxe4 19. Bxe4 Qe8 20. Qd6 Ra8 21. Nxb7 {1-0 Csoke,A-Mayerhofer,P/Stockerau
1991/ (32)}) 9... O-O $6 {Machalett was not able to find the witty answer to
white's positional threat of occupying the b6 square.} (9... b5 $5 10. Bb6 Bb4+
11. c3 Qf6 12. Nac5 Bxc5 13. Bxc5 $14) 10. Nb6 Rb8 11. f4 d6 (11... d5 12. exd5
exd5 13. Nxd5 Bg4 14. Qd2 Re8 15. Bg2 Nb4 16. h3 $16) 12. Qd2 Qc7 13. Bg2 Rd8 (
13... Bf6 14. O-O-O Rd8 15. h4 $16) 14. O-O Nf8 15. Qf2 Nb4 (15... Nd7 16. Nxd7
Qxd7 17. Bb6 Rf8 18. Rad1 $16) 16. Rfd1 Nd7 {Black retraces his steps in the
last moment, since taking on c2 would open up the position for the attack of
better developed Hansen's pieces.} (16... Qxc2 17. Rd2 Qc7 18. Rc1 Nc6 19. Nd5
Qd7 (19... exd5 20. exd5 Qd7 21. dxc6 bxc6 22. Bxc6 $18) 20. Ba7 $1 exd5 21.
exd5 b6 22. dxc6 Qxa7 23. c7 $16) 17. c3 Nc6 18. c4 Re8 (18... Nf6 19. h3 (19.
Nxc8 Rdxc8 20. Bb6 Ng4 $1) 19... Bd7 20. Rd2 $16) 19. Rac1 Bf8 (19... Nf6 20.
h3 Bd7 21. c5 $16) 20. Rd2 Nd8 21. Nxd7 (21. e5 $1 Nc6 (21... dxe5 22. Nxd7
Bxd7 23. Bb6 Qc8 24. Rcd1 $18) 22. exd6 Bxd6 23. Nxd7 Qxd7 24. Rcd1 $18) 21...
Bxd7 (21... Qxd7 22. e5 $18) 22. Bb6 Qc8 23. e5 $1 {The defender is
suffocating on the last two ranks and can not even capture the e5 pawn.} (23.
e5 $1 dxe5 24. Rcd1 $18) 1-0

[Event "Alushta Autumn 1st"]
[Site "Alushta"]
[Date "2002.09.16"]
[Round "3"]
[White "Shtyrenkov, Veniamen"]
[Black "Livshits, Gaby"]
[Result "0-1"]
[WhiteElo "2457"]
[BlackElo "2380"]
[Annotator "Ftacnik,L"]
[PlyCount "66"]
[EventDate "2002.09.15"]
[EventType "tourn"]
[EventRounds "15"]
[EventCountry "UKR"]
[EventCategory "9"]
[SourceTitle "CBM 092"]
[Source "ChessBase"]
[SourceDate "2003.02.06"]
[SourceVersion "1"]
[SourceVersionDate "2003.02.06"]
[SourceQuality "1"]

1. Nc3 c5 2. e4 e6 3. f4 Nc6 4. Nf3 a6 5. d4 cxd4 6. Nxd4 Qb6 7. Nb3 Qc7 8. a4
b6 9. Be2 d6 10. O-O Nf6 11. Bf3 Bb7 12. Be3 Be7 13. g4 O-O 14. g5 Nd7 15. Bg2
Rfe8 16. Qh5 g6 17. Qh4 Bf8 18. Rf3 Bg7 19. Rh3 Nf8 20. Rd1 Rab8 {Black is
unsure which weakness (b6,d6) needs more protection and white will start a
real attack.} (20... Bxc3 21. bxc3 e5 22. Qf2 (22. f5 gxf5 23. exf5 Ne7 $15)
22... Nd7 23. Qd2 Rad8 24. Qxd6 Qc8 25. Qa3 exf4 26. Bxf4 Nde5 $11) 21. f5 exf5
(21... Bxc3 22. f6 $5 (22. bxc3 gxf5 23. exf5 Ne7 $15) 22... h5 23. gxh6 Kh7
24. bxc3 Ne5 $11) 22. Nd5 Qd7 23. Nxb6 (23. Nf6+ Bxf6 24. gxf6 h5 25. Bxb6 Ne5
$11) 23... Qe6 24. Nd5 fxe4 $6 {Livshits accepts great risk in the moment,
when active 24...Qe5!? might have hold the balance.} (24... Qe5 $5 25. Nc3 Qe6
26. exf5 Qxf5 27. Rf1 Qxc2 28. Bd5 Nd8 29. Rf2 Qd3 30. Nc1 Qxe3 31. Rxe3 Rxe3
$11) 25. Nc7 Qe7 26. Nxe8 Rxe8 27. Nd4 $2 {The model case of superficial
judgment, after this poor move black's passed e pawn will turn into monster.} (
27. c3 $1 f5 (27... Bc8 28. Rg3 Be5 29. Bf4 f5 30. gxf6 Bxf6 31. Bg5 $16) 28.
Bf1 (28. gxf6 Bxf6 29. Qg3 Bc8 $11) 28... Qe6 29. Nd2 Ne5 30. b3 $14) 27...
Nxd4 28. Bxd4 Bxd4+ 29. Rxd4 e3 $1 30. Bxb7 (30. Rd3 e2 31. Rhe3 Qxe3+ 32. Rxe3
Rxe3 33. Qe1 Bxg2 34. Kxg2 Ne6 35. Kf2 Re5 36. h4 Nd4 $19) (30. b3 e2 31. Qe1
Bxg2 32. Kxg2 Ne6 $19) 30... Qxb7 31. b3 (31. Qe1 e2 (31... Qxb2 32. Rxd6 Qxc2
33. Rxe3 Qc5 34. Rdd3 Qxg5+ 35. Qg3 Qc5 $15) 32. Rxd6 Qxb2 33. c3 Re5 34. Rf3
Qa3 35. Rdd3 Qxa4 $15) 31... e2 32. Qe1 Qb6 33. c3 (33. Rhh4 Re5 34. a5 Qc5 35.
b4 Qxc2 36. Rc4 Rxg5+ $19) 33... Re5 (33... Re5 34. Kg2 Ne6 35. Rb4 Qc6+ 36.
Kf2 Rf5+ 37. Ke3 Nxg5 $19) 0-1

[Event "Karlsbad Czech Coal"]
[Site "Karlovy Vary"]
[Date "2007.09.09"]
[Round "2"]
[White "Akopian, Vladimir Eduardovic"]
[Black "Laznicka, Viktor"]
[Result "1-0"]
[WhiteElo "2708"]
[BlackElo "2594"]
[Annotator "Ftacnik,L"]
[PlyCount "85"]
[EventDate "2007.09.08"]
[EventType "tourn"]
[EventRounds "7"]
[EventCountry "CZE"]
[EventCategory "17"]
[SourceTitle "CBM 120"]
[Source "ChessBase"]
[SourceDate "2007.10.02"]
[SourceVersion "1"]
[SourceVersionDate "2007.10.02"]
[SourceQuality "1"]

1. e4 c5 2. Nf3 e6 3. d4 cxd4 4. Nxd4 Nc6 5. Nc3 a6 6. Nxc6 bxc6 7. Bd3 d5 8.
O-O Nf6 9. Qe2 Be7 10. b3 O-O 11. Bb2 Bb7 12. Na4 Qc7 13. e5 Nd7 14. c4 dxc4 {
With this unseemly move Black is preparing the opening of the a8-h1 diagonal
with counterplay.} 15. Bxc4 Nb6 16. Nxb6 Qxb6 17. Rac1 $5 {[%mdl 4] Akopian is
coming up with a subtle transfer of the rook to the kingside.} (17. Qg4 Rad8
18. Rad1 a5 19. Bc1 Rxd1 20. Rxd1 Rd8 21. Rxd8+ Qxd8 22. Bh6 Bf8 {1/2
Dominguez,L (2556)-Andersson,U (2640)/Havana 2001 (30)}) (17. Rad1 Rfd8 18.
Rxd8+ Rxd8 19. Rd1 a5 20. Rxd8+ Qxd8 21. Qd3 Qxd3 22. Bxd3 Kf8 23. f4 {1-0
Smith,B (2381)-Charbonneau,P (2501)/ICC INT 2006 (42)}) 17... Rfd8 18. Rc3 Rd7
(18... a5 19. Rg3 g6 20. Bc3 Ba6 $11) 19. Rh3 g6 20. Qg4 c5 21. Qf4 Bf8 $6 {
The relocation of the bishop to the g7 square will prove to be quite risky,
while the immediate 21...h5!? wight have equalized.} (21... h5 $5 22. Bc3 Rad8
23. Be2 h4 $13) 22. Qh4 h5 23. Bc3 Qc6 (23... Be7 24. Qg3 h4 25. Qg4 Rad8 $11)
24. Rg3 Bg7 25. f4 $1 Qe4 $2 {Laznicka did not suspect how difficult it would
be to find a good follow up to this queen centralization.} (25... Kh8 $1 26.
Qg5 Kh7 (26... Rad8 $2 27. f5 $16) 27. Rd3 Rad8 $11) (25... Kh7 26. f5 exf5 27.
Rxf5 Qe4 (27... gxf5 28. Qxh5+ Qh6 29. Qxf5+ Kh8 30. Qxd7 $18) 28. Qxe4 Bxe4
29. Rxf7 $18) 26. Qg5 Qf5 (26... Kh7 27. f5 $1 Rad8 (27... exf5 $2 28. Bxf7 $1
Rxf7 29. Qxg6+ Kg8 30. e6 $18) 28. Bxe6 Rd1 29. Re3 $16) (26... Kf8 27. f5 exf5
28. e6 (28. Re1 Qc2 29. e6 Bxc3 30. e7+ Kg7 31. Bxf7 $18) 28... Bxc3 29. exd7
Qd4+ 30. Rf2 Qf6 $13) 27. Qxf5 gxf5 (27... exf5 28. Rxg6 $18) 28. Rh3 a5 (28...
Bd5 29. Kf2 Bxc4 30. bxc4 Bh6 31. Ke2 $16) 29. Rxh5 Ba6 30. Bxa6 (30. Rf3 a4
31. Bxa6 Rxa6 32. h3 $16) 30... Rxa6 31. Rf3 a4 32. h3 $1 {White is doing a
fine job of guarding his own king while working on the attack against the
hapless enemy.} (32. Rg3 axb3 33. axb3 Rd1+ 34. Kf2 Ra2+ 35. Ke3 Rc2 $13) 32...
axb3 33. axb3 Rb7 (33... Ra3 34. Rg3 Rxb3 35. Rhg5 Kh8 36. Rxg7 Rxc3 37. Rg8+
Kh7 38. R3g7+ Kh6 39. Rg5 Kh7 40. Rf8 Rcd3 41. Rgg8 f6 42. Rh8+ Kg7 43. exf6+
Kg6 44. Rhg8+ Kh7 45. Rg5 $18) 34. Rg3 Rxb3 35. Rhg5 Kh8 (35... Kf8 36. Rxg7
Ke7 37. Rh7 Raa3 38. Rgg7 Rxc3 39. Rxf7+ Ke8 40. Rb7 $18) 36. Rh5+ Kg8 37. Rhg5
Kh8 38. Rxg7 $1 {Finally Akopian realized, that his rooks will be perfectly
coordinated in the king hunt.} Rxc3 39. Rg8+ Kh7 40. R3g7+ Kh6 41. Rxf7 Rc4 (
41... Rca3 42. Rh8+ Kg6 43. Rhh7 Ra7 44. Rxa7 $18) 42. Rh8+ Kg6 43. Rhh7 $1 1-0

[Event "Orel"]
[Site "Orel"]
[Date "1995.??.??"]
[Round "8"]
[White "Gurevich, Vladimir"]
[Black "Tunik, Gennady"]
[Result "1/2-1/2"]
[WhiteElo "2445"]
[BlackElo "2530"]
[Annotator "Ftacnik,L"]
[PlyCount "95"]
[EventDate "1995.??.??"]
[EventType "tourn"]
[EventRounds "9"]
[EventCountry "RUS"]
[EventCategory "10"]
[SourceTitle "CBM 048"]
[Source "ChessBase"]
[SourceDate "1995.10.01"]
[SourceVersion "1"]
[SourceVersionDate "1995.10.01"]
[SourceQuality "1"]

1. e4 c5 2. Nf3 e6 3. d4 cxd4 4. Nxd4 Nc6 5. Nc3 a6 6. g3 Nge7 7. Nb3 Na5 (7...
d6 8. Bg2 Bd7 9. O-O Nc8) 8. Bg2 (8. Qh5 b5 (8... Nec6 9. Bg5 Qc7 10. Bf4 d6
11. Nxa5 Nxa5 12. O-O-O Nc6 13. Qc5 $1 dxc5 (13... e5 14. Nd5 $36) 14. Bxc7 b5
15. Bg2 Bb7 16. e5 Rc8 17. Bb6 Na5 18. Bxb7 Nxb7 19. a4 Rc6 20. Ba7 b4 21. Ne4
Be7 22. Rd2 f5 23. exf6 gxf6 24. Rhd1 f5 25. Rd7 fxe4 26. Rxb7 Bg5+ 27. Kb1 O-O
28. Rdd7 {Timman,J-Andersson,U/Tallinn ;MCL 06 1973/1-0 (42)}) 9. Nxa5 Qxa5 10.
Bg2 Bb7 (10... Nc6 11. O-O b4 12. Qxa5 Nxa5 13. Na4 Rb8 14. Bf4 d6 15. b3 Bd7
16. Nb2 Be7 17. Rfd1 e5 18. Be3 O-O 19. Rd5 Nc6 20. Bf1 f5 21. exf5 Bxf5 22.
Bxa6 Bxc2 23. Rd2 Be4 24. Bc4+ Kh8 25. Bd5 Bxd5 26. Rxd5 Ra8 27. Nc4 Nd4 28.
Bxd4 exd4 29. Re1 Bf6 30. Re2 {Hellsten,J-Curtis,R/WchJM-U18 Bratislava (02) ;
TD 93\05 1993/1-0 (74)}) 11. O-O Qc7 12. Bf4 Qc4 13. Rad1 Ng6 14. Bd6 Bxd6 15.
Rxd6 Qb4 16. Qd1 Qxb2 17. Rxd7 Qxc3 18. Rxb7 O-O 19. f4 Rad8 20. Rd7 Qc8 21.
Rd3 Rxd3 22. cxd3 Rd8 23. d4 Qc4 24. d5 exd5 25. exd5 Qxa2 26. Qd4 {1/2-1/2
Korneev,O-Tunik,G/Minsk (01) ;EXP 46 1995}) 8... b5 (8... Nec6 9. O-O Be7 10.
Qe2 O-O 11. Rd1 d6 12. Be3 b5 13. Nxa5 Qxa5 14. a3 Ne5 15. Bd4 Rb8 16. f4 Nc6
17. Bf2 Qc7 18. h4 b4 19. axb4 Rxb4 20. Ra2 Bf6 21. Rd3 Bd4 22. Nd1 Bxf2+ 23.
Qxf2 Bb7 24. Kh2 Rd8 25. Qd2 a5 26. Ne3 Ba6 27. Rda3 Rdb8 28. Qc3 Qb6 {Sirias,
D-Small,V/Dubai olm (06) ;TD 86\02 1986/1/2-1/2 (47)}) 9. O-O Bb7 10. Nc5 Bc6
11. Nd3 Ng6 12. b3 Be7 13. Bd2 O-O 14. Qe1 Nb7 15. Nd5 Bxd5 16. exd5 Rb8 17.
dxe6 dxe6 18. Nb4 Qb6 19. Nc6 Rbc8 20. Nxe7+ Nxe7 21. Be3 Qc7 22. Rc1 Nd6 23.
Bf4 Ng6 24. Bd2 Rfe8 25. Bb4 Nf5 26. Ba5 Qb8 27. Qe4 Ne5 28. Rfd1 Nc6 29. Bc3
a5 30. Bb2 Nb4 31. Be5 Qb6 32. c3 Nc6 33. Bf4 Nce7 34. c4 bxc4 35. Rxc4 Ng6 36.
Rdc1 Rxc4 37. Rxc4 Nxf4 38. Qxf4 Qd8 39. Bc6 Qd1+ 40. Kg2 Rd8 41. Bf3 Qe1 42.
Qc1 Qxc1 43. Rxc1 g6 44. Rc5 a4 45. bxa4 Rd2 46. a3 Rd3 47. Be4 Rxa3 48. Bxf5
1/2-1/2